Géographie européenne par lettre - F - Statistiques

Statistiques générales
  • Ce quiz a été pris 1 041 fois
  • Le résultat moyen est 9 sur 18
Statistiques - réponses
indice répondre % Correct
Lieu de naissance de la Renaissance Florence
95%
Il a 8 frontières et 2 coupes du monde France
94%
Partie néerlandophone de la Belgique Flandre
83%
La Norvège a beaucoup de ces criques fjords
82%
Nation insulaire de l'Atlantique Nord Îles {Féroé}
79%
Centre financier de l'Europe continentale Francfort-sur- le-Main
78%
Dialecte parlé dans la Flandre flamand
76%
Suomi Finlande
65%
Le nom de cette ville en italien Firenze
56%
Symbole héraldique de la France Fleur-de-Lys
51%
Ville du sud-ouest de l'Allemagne Fribourg
41%
Ville et capitale provinciale en Algarve Faro
37%
Capitale de Madère Funchal
27%
Il joue au Craven Cottage à Londres Fulham
16%
Principal aéroport de Rome Fiumicino
14%
Région historique néerlandais sur la mer du Nord Frise
10%
Rue des vieux journaux britanniques {Fleet} Street
8%
Quartier de Monaco Fontvieille
8%
Aucun quiz correspondant
Distribution des résultats
% des personnes avec chaque résultat
Percentile par nombre de réponses
Votre historique - résultats
Vous n’avez pas pris ce quiz